000 00562nam a2200217 a 4500
001 BRL_821
005 20190320210918.0
008 091013s1975----mx-a######---#000-p#spa-#
041 _aspa
044 _amx
050 4 _aPQ7297
_b.G37 1975
100 1 _aGarcía-Luna Cano, Jesús
_924780
245 1 0 _aEcos de mi ser
_cJesús García-Luna Cano.
260 _aMéxico, D.F.
_b[s.n.]
_c1975
300 _a281 p.
_bil.
_c21 cm.
500 _aIncluye dedicatoria a Ruth Lechuga
500 _aAu911
650 1 4 _aPoesía
_917631
902 _aGRL
942 _2lcc
_cB
999 _c9633
_d9633